<?xml version="1.0" encoding="UTF-8"?><?xml-stylesheet type="text/xsl" href="static/style.xsl"?><OAI-PMH xmlns="http://www.openarchives.org/OAI/2.0/" xmlns:xsi="http://www.w3.org/2001/XMLSchema-instance" xsi:schemaLocation="http://www.openarchives.org/OAI/2.0/ http://www.openarchives.org/OAI/2.0/OAI-PMH.xsd"><responseDate>2026-04-17T04:21:34Z</responseDate><request verb="GetRecord" identifier="oai:www.recercat.cat:2072/367838" metadataPrefix="marc">https://recercat.cat/oai/request</request><GetRecord><record><header><identifier>oai:recercat.cat:2072/367838</identifier><datestamp>2024-12-11T19:07:23Z</datestamp><setSpec>com_2072_5164</setSpec><setSpec>com_2072_5163</setSpec><setSpec>col_2072_5169</setSpec></header><metadata><record xmlns="http://www.loc.gov/MARC21/slim" xmlns:dcterms="http://purl.org/dc/terms/" xmlns:xsi="http://www.w3.org/2001/XMLSchema-instance" xmlns:doc="http://www.lyncode.com/xoai" xsi:schemaLocation="http://www.loc.gov/MARC21/slim http://www.loc.gov/standards/marcxml/schema/MARC21slim.xsd">
   <leader>00925njm 22002777a 4500</leader>
   <datafield ind2=" " ind1=" " tag="042">
      <subfield code="a">dc</subfield>
   </datafield>
   <datafield ind2=" " ind1=" " tag="720">
      <subfield code="a">Marimón Rius, Laura</subfield>
      <subfield code="e">author</subfield>
   </datafield>
   <datafield ind2=" " ind1=" " tag="260">
      <subfield code="c">2019-06</subfield>
   </datafield>
   <datafield ind2=" " ind1=" " tag="520">
      <subfield code="a">El present treball analitza informació del màrqueting experiencial i la seva incidència a la moda i el luxe. Per això, s’aborda l’estudi de cas d’una de les firmes més excel·lents al sector del luxe com és la firma Burberry. El cas tracta de la vinculació de l’experiència a la tenda Burberry a partir de differents variables, com són els aparadors, el mobiliari, la il·luminació, la música ambiental, l’olor, la presentació dels productes, els provadors, el moble de caixa, la neteja general i l’atenció rebuda.</subfield>
   </datafield>
   <datafield ind2=" " ind1=" " tag="520">
      <subfield code="a">El presente trabajo analiza información del marketing experiencial y su incidencia en la moda y el lujo. Para ello, se aborda el caso de estudio de una de las firmas más sobresalientes en el sector del lujo como es la firma Burberry. El caso trata de la vinculación de la experiencia en la tienda Burberry a partir de diferentes variables, como son los escaparates, el mobiliario, la iluminación, la música ambiental, el olor, la presentación de los productos, los probadores, el mueble de caja, la limpieza general y la atención recibida.</subfield>
   </datafield>
   <datafield ind2=" " ind1=" " tag="520">
      <subfield code="a">The present work analyzes information on experiential marketing and its impact on fashion and luxury. For that reason, the case study of one of the most exceptional firms in the luxury sector is covered, which is Burberry. This case examines the link between the in-store Burberry experience and a few variables which are: the storefronts, the furniture, the lighting, the background music, the smell, the presentation of the products, the fitting rooms, the cash desk, the general cleanliness and customer service.</subfield>
   </datafield>
   <datafield ind1="8" ind2=" " tag="024">
      <subfield code="a">http://hdl.handle.net/2072/367838</subfield>
   </datafield>
   <datafield ind2="0" ind1="0" tag="245">
      <subfield code="a">El márketing experiencial en el proceso de compra de la moda: el caso Burberry</subfield>
   </datafield>
</record></metadata></record></GetRecord></OAI-PMH>